000 00838nam a2200253 i 4500
001 12534
003 ES-MaACL
005 20250822031337.0
007 t|
008 961118s1996 sp ||||0| spa
020 _a84-206-2853-0
080 _a316.3
100 1 _aDouglas, Mary.
_945496
245 1 0 _aCómo piensan las instituciones /
_cMary Douglas ; versión española de José Antonio López de Letona y Gonzalo Gil Catalina.
260 _aMadrid :
_bAlianza Editorial,
_c[1996]
300 _a202 p ;
_c20 cm.
490 1 _aAlianza universidad ;
_v853
650 1 7 _aPsicología de las organizaciones
_2embne
_916561
700 1 _aLópez de Letona, José Antonio.
_973567
700 1 _aGil Catalina, Gonzalo.
_956780
830 1 _aAlianza universidad ;
_v853
_9177276
852 _aES-MaACL
_jL-19927
999 _c12534
_d12534